| 000 | 00492nam a2200157Ia 4500 | ||
|---|---|---|---|
| 008 | 170221s9999 xx 000 0 und d | ||
| 100 | _aNdoma J. Brown | ||
| 245 | _aMorphology of Pictorial News: The Chameleonic Attributes | ||
| 245 | _cNdoma J. Brown, Chris Chimdubem Ngwu | ||
| 260 | _bStudies in Media and Communication | ||
| 260 | _c2014 | ||
| 300 | _a34 : 11 | ||
| 650 | _xCommunication | ||
| 650 | _xMedia Arts | ||
| 856 | _uhttp://redfame.com/journal/index.php/smc/issue/view/32 | ||
| 999 |
_c310865 _d310865 |
||